Blumen : Historisch-Kritische Ausgabe.

Vom Werk Arthur Schnitzlers existiert bislang keine kritische Ausgabe. Die Bände bieten das Faksimile des Manuskripts, eine präzise Transkription und einen Lesetext. Der Text wird erschlossen durch editorische Apparate, einen literaturwissenschaftlichen Kommentar sowie einen ausführlichen Edition...

Full description

Bibliographic Details
Main Author: Schwentner, Isabella.
Format: eBook
Language:German
Published: Berlin/Boston : De Gruyter, Inc., 2017.
Edition:1st ed.
Subjects:
Online Access:Click to View
LEADER 01926nam a22003853i 4500
001 EBC5525674
003 MiAaPQ
005 20231204023214.0
006 m o d |
007 cr cnu||||||||
008 231204s2017 xx o ||||0 ger d
020 |a 9783110563320  |q (electronic bk.) 
020 |z 9783110560879 
035 |a (MiAaPQ)EBC5525674 
035 |a (Au-PeEL)EBL5525674 
035 |a (OCoLC)1167431244 
040 |a MiAaPQ  |b eng  |e rda  |e pn  |c MiAaPQ  |d MiAaPQ 
100 1 |a Schwentner, Isabella. 
245 1 0 |a Blumen :  |b Historisch-Kritische Ausgabe. 
250 |a 1st ed. 
264 1 |a Berlin/Boston :  |b De Gruyter, Inc.,  |c 2017. 
264 4 |c ©2018. 
300 |a 1 online resource (280 pages) 
336 |a text  |b txt  |2 rdacontent 
337 |a computer  |b c  |2 rdamedia 
338 |a online resource  |b cr  |2 rdacarrier 
505 0 |a Intro -- Inhalt -- Vorbemerkung -- 1. Handschriften -- 2. Drucktext -- 3. Kommentar -- 4. Anhang. 
520 |a Vom Werk Arthur Schnitzlers existiert bislang keine kritische Ausgabe. Die Bände bieten das Faksimile des Manuskripts, eine präzise Transkription und einen Lesetext. Der Text wird erschlossen durch editorische Apparate, einen literaturwissenschaftlichen Kommentar sowie einen ausführlichen Editionsbericht. Die Ausgabe erlaubt damit erstmals Einblicke in die Werkgenese. 
588 |a Description based on publisher supplied metadata and other sources. 
590 |a Electronic reproduction. Ann Arbor, Michigan : ProQuest Ebook Central, 2023. Available via World Wide Web. Access may be limited to ProQuest Ebook Central affiliated libraries.  
655 4 |a Electronic books. 
700 1 |a Schwentner, Isabella. 
776 0 8 |i Print version:  |a Schwentner, Isabella  |t Blumen  |d Berlin/Boston : De Gruyter, Inc.,c2017  |z 9783110560879 
797 2 |a ProQuest (Firm) 
856 4 0 |u https://ebookcentral.proquest.com/lib/matrademy/detail.action?docID=5525674  |z Click to View